000 00448nam a2200181Ia 4500
008 151202s9999||||xx |||||||||||||| ||und||
082 _bPNVM-1253
100 _aआपटे ह.ना.
245 _aमी.
260 _bआर्यभूषण प्रेस.
260 _c0
300 _a0
600 _aआपटे ह.ना.
630 _aमी.
700 _aआपटे ह.ना.
730 _aमी.
942 _cBOOK
999 _c1267251
_d1267248